Video prezentácie v e-learningových kurzoch
Výučba predmetov s cieľom zvládnutia obsluhy softvérovho produktu. Kurzy na ktorých si študent môže vo vhodnej forme prezrieť postup práce s aplikáciou. Vhodnou formou sú video prezentácie. Obsluha programu Wink.
Salvato in:
| Autore principale: | |
|---|---|
| Natura: | Capitolo di libro |
| Lingua: | slovacco |
| Soggetti: | |
| Tags: |
Nessun Tag, puoi essere il primo ad aggiungerne!!
|
MARC
| LEADER | 00000naa$a2200000$$$4500 | ||
|---|---|---|---|
| 001 | 0073123 | ||
| 005 | 20240502071852.2 | ||
| 041 | 0 | |a slo | |
| 044 | |a SK | ||
| 245 | 1 | 0 | |a Video prezentácie v e-learningových kurzoch |c Igor Bandurič |
| 520 | |a Výučba predmetov s cieľom zvládnutia obsluhy softvérovho produktu. Kurzy na ktorých si študent môže vo vhodnej forme prezrieť postup práce s aplikáciou. Vhodnou formou sú video prezentácie. Obsluha programu Wink. | ||
| 610 | 2 | 0 | |a vyučovanie |
| 610 | 2 | 0 | |a softvér |
| 610 | 2 | 0 | |a vzdelávanie elektronické |
| 610 | 2 | 0 | |a video prezentácie |
| 100 | 1 | |a Bandurič, Igor, 1980- | |